Alternative mathematical theory of non-equilibrium phenomena

Αποθηκεύτηκε σε:
Λεπτομέρειες βιβλιογραφικής εγγραφής
Κύριος συγγραφέας: Straub, Dieter 1934-
Μορφή: Βιβλίο
Γλώσσα:English
Δημοσίευση: Boston, Mass. : Academic Press, c1997
Σειρά:Mathematics in science and engineering ; ; 196
Θέματα:
Ετικέτες: Προσθήκη ετικέτας
Δεν υπάρχουν, Καταχωρήστε ετικέτα πρώτοι!

MARC

LEADER 00000nam a2200000 i 4500
001 1/55387
008 070919s1997 eng d
020 |a 0-12-673015-6 (hbk.) 
035 |l 10090851 
040 |a GR-MY-UA  |b gre  |e aacr 
041 0 |a eng 
082 0 |a 530.13  |2 (22) 
100 1 |a Straub, Dieter  |d 1934- 
245 1 0 |a Alternative mathematical theory of non-equilibrium phenomena /  |c Dieter Straub 
260 |a Boston, Mass. :   |b Academic Press,   |c c1997 
300 |a xiv, 377 σ.;  |b σχ.;  |c 24 εκ. 
490 1 |a Mathematics in science and engineering  |v ; 196 
504 |a Βιβλιογραφία: σ. 353-362 
504 |a Περιέχει ευρετήρια 
650 0 0 |a Irreversible processes. 
650 0 0 |a Statistical mechanics. 
830 0 |a Mathematics in science and engineering ;  |v ; 196 
852 |a INST  |b LESVOS  |e 20070919  |h 530.13 STR  |p 005100039066  |q 005100039066  |t BK  |y 0 
901 |a BIBL1-2007-3 
909 |a Λ  |b 138868 
922 |a 1ΕΛΗ  |b 200708  |c ΕΠΕΑΕΚ2/ΤΕΘ  |d ΠΑΠΑΣΩΤΗΡΙΟΥ 
970 |a ΒΑΡΚΑ  |b ΕΛΕΥΘΕΡΙΑ  |z 2007/09/19